[Event "Helsingor Xtracon op"]
[Site "Helsingor"]
[Date "2016.07.24"]
[Round "2"]
[White "Schmidt, Kresten"]
[Black "Larsen, Ulrik"]
[Result "0-1"]
[WhiteElo "2241"]
[BlackElo "1983"]
[PlyCount "74"]
[EventDate "2016.07.23"]
[EventType "swiss"]
[EventRounds "10"]
[EventCountry "DEN"]
[SourceTitle "CBM 173 Extra"]
[Source "ChessBase"]
[SourceDate "2016.08.29"]
[SourceVersion "1"]
[SourceVersionDate "2016.08.29"]
[SourceQuality "1"]

1. e4 e5 2. Nf3 Nc6 3. Bb5 a6 4. Ba4 Nf6 5. Qe2 b5 6. Bb3 Bc5 7. c3 d6 8. 0-0 0-0 9. Rd1 Re8 10. Ng5 Re7 11. h3 Bb7 12. d3 h6 13. Nf3 d5 14. Nh4 dxe4 15. dxe4 Rd7 16. Rxd7 Qxd7 17. Nd2 Ne7 18. Bc2 g5 19. Nhf3 Ng6 20. Nb3 Bb6 21. Nh2 Qe7 22. Ng4 Nxg4 23. Qxg4 Bc8 24. Qh5 Qf6 25. Be3 Nf4 26. Qd1 Be6 27. Kh1 g4 28. Bxb6 cxb6 29. f3 gxh3 30. g3 Nh5 31. Kh2 Kh8 32. Qe2 Nxg3 33. Qe3 Nh5 34. Rg1 Rd8 35. Qxb6 Qf4+ 36. Kh1 Qxf3+ 37. Kh2 Rg8 0-1

[Event "Helsingor Xtracon op"]
[Site "Helsingor"]
[Date "2016.07.24"]
[Round "3"]
[White "Westerlund, Ola"]
[Black "Schmidt, Kresten"]
[Result "0-1"]
[WhiteElo "1930"]
[BlackElo "2241"]
[PlyCount "80"]
[EventDate "2016.07.23"]
[EventType "swiss"]
[EventRounds "10"]
[EventCountry "DEN"]
[SourceTitle "CBM 173 Extra"]
[Source "ChessBase"]
[SourceDate "2016.08.29"]
[SourceVersion "1"]
[SourceVersionDate "2016.08.29"]
[SourceQuality "1"]

1. d4 Nf6 2. c4 g6 3. Nf3 Bg7 4. g3 0-0 5. Bg2 d6 6. 0-0 a6 7. Nc3 Nc6 8. d5 Na5 9. Nd2 c5 10. Qc2 Rb8 11. b3 b5 12. Bb2 bxc4 13. bxc4 Bh6 14. Ncb1 e5 15. Na3 Bf5 16. e4 Bd7 17. Bc3 Qc7 18. Rab1 Rfc8 19. Qd3 Ne8 20. f4 Rxb1 21. Naxb1 Nb7 22. Qf3 f6 23. h4 Nd8 24. fxe5 dxe5 25. Qe2 Nf7 26. Nb3 Nfd6 27. N1d2 Bg7 28. Kh2 h5 29. Bf3 Nf7 30. g4 hxg4 31. Bxg4 f5 32. Ba5 Qd6 33. exf5 Nh6 34. Ne4 Qe7 35. f6 Bxg4 36. Qe1 Nxf6 37. Ng5 Nf7 38. Ne6 Bh5 39. Nbxc5 Ng4+ 40. Kh3 Bf6 0-1